000 00707nam a2200217Ia 4500
003 OSt
005 20220923212034.0
006 a|||||r|||| 00| 0
007 ta
008 220922b |||||||| |||| 00| 0 hin d
024 _a150,161
037 _cTextual
040 _aARTS
_cARTS
_bhin
041 _2hin
_ahin
082 _a82:N57, 152J7(RR)
245 0 _aभारत सूचना और प्रसार मंत्रालय
_b भारत वार्षिक सन्दर्भ 1957
246 _aBhārat sūchanā aur prasār hintrālaya: bhārat vārṣhik sandarbha 1957
260 _c1957
942 _h82:N57, 152J7(RR)
_cTEXL
_2CC
999 _c305841
_d305841